| 000 | 00677nam a22002292 4500 | ||
|---|---|---|---|
| 001 | 0000024891 | ||
| 005 | 20151217155237.0 | ||
| 008 | 140323s xx 000 0 eng d | ||
| 020 | _a0077121775 : | ||
| 040 |
_aKABU _cKABU |
||
| 100 | 1 |
_aMorgan, Wyn. _@0000185151 |
|
| 245 | 1 | 0 |
_aMicroeconomics / _cWyn Morgan, Michael Katz & Harvey Rosen. |
| 250 | _a2nd ed. | ||
| 260 |
_aNew York : _bMcGraw-Hill, _c2009. |
||
| 300 | _axxvi, 749 p. | ||
| 650 | 0 |
_aMicroeconomics. _@0000149944 |
|
| 700 | 1 |
_aKatz, Michael. _@0000185152 |
|
| 700 | 1 |
_aRosen, Harvey. _@0000185153 |
|
| 852 | 1 | _9p4340 KES | |
| 908 | _a140323 | ||
| 950 | _@1 | ||
| 999 |
_c12251 _d12251 |
||